000 00325nam a22001457a 4500
003 OSt
005 20160727222346.0
008 160621b xxu||||| |||| 00| 0 eng d
040 _cTEST
100 _9243
_aWebster, D
245 _aBrain Boosters
260 _aG.B Pan Books
_c1965
300 _aBrain Boosters
942 _2ddc
_cBK
999 _c194
_d194